000 00809nam a2200229 a 4500
999 _c10955
_d10955
001 10955
003 BD-JhCC
005 20220622134024.0
008 190704b2018 bg |||| ||a| 000 0 ben d
035 _a(BD-JhCC)10955
040 _aBD-JhCC
_dBD-JhCC
041 _aben
082 _a891.443
_bSEX 2018
100 _aশেক্সপিয়ার, উইলিয়াম
245 _aরচনাসমগ্র /
_cউইলিয়াম শেক্সপিয়ার; তপন রুদ্র (সম্পা.)
260 _aঢাকা ,
_bসালমা বুক ডিপো ;
_c২০১৮ ।
300 _a৫৫৭ পৃঃ
_c২৪ সেঃমিঃ
650 _abengali Novel.
700 _aরুদ্র, তপন
942 _2ddc
_cBK
_03